000 00715nam a2200217 a 4500
008
049 _aMAIN
090 _aP96.W35
_bUNI
110 _aUniversity for peace.
245 1 0 _aThe role of the Media in the Rwandan genocide
_bteacher's guide for an academic course 1/
_cUniversity for peace.
260 _aUniversity for peace :
_bInstitute For Media,Peace and Security,
_c2005
300 _a324p. ;
_c24 cm.
440 _aThe role of media in the Rwandan genocide
650 _aGenocide
_xRwanda.
650 1 _aMass Media.
907 _a.b10261485
_b24-09-15
_c20-03-09
003
005 20230123124930.0
040 _cNUST
942 _cBOOKS
_kP96.W35
_mUNI
999 _c132805
_d132805